000 01401cam a22003134a 4500
999 _c17745
_d17745
008 000414s2000 nyua 000 0 eng
020 _a0486410633 (pbk.)
050 0 0 _aNC1426
_b.F5 2000
100 1 _aFlagg, James Montgomery
245 1 0 _aClassic spot illustrations from the twenties and thirties /
_cby James Montgomery Flagg ... [et al.] ; edited by Herb Galewitz ; arranged by Carol Belanger Grafton.
260 _aMineola, NY :
_bDover Publications,
_c2000.
300 _aiv, 123 p. :
_ball ill. ;
_c28 cm.
650 0 _aCaricatures and cartoons
_zUnited States.
650 0 _aAmerican wit and humor, Pictorial.
700 1 _aGalewitz, Herb.
942 _2lcc
_cBOOKS
_hNC1426 .F5 2000